Statistics for Australian Birds by Partial Picture #2

Click here to take the quiz!

General Stats

  • This quiz has been taken 11 times
  • The average score is 12 of 20

Answer Stats

Answer% Correct
Southern Cassowary
100%
Black Swan
86%
Red-necked Avocet
86%
Crested Shrike-tit
71%
Diamond Firetail
71%
Red-footed Booby
71%
Satin Bowerbird
71%
Spangled Drongo
71%
Variegated Fairy-wren
71%
Double-eyed Fig-Parrot
57%
Mistletoebird
57%
Rainbow Bee-eater
57%
Australian Logrunner
43%
Black-necked Stork
43%
Brush Cuckoo
43%
Nankeen Night-Heron
43%
Southern Giant-Petrel
43%
Spotted Quail-thrush
43%
Superb Fruit-Dove
43%
Western Spinebill
43%

Score Distribution

Percentile by Number Answered

Percent of People with Each Score

Your Score History

You have not taken this quiz